000 00405nam a2200145 a 4500
001 000031678
005 20200930063110.0
008 110629s1991 dr 000 0 spa d
040 _aDO-SdBNP
_bspa
_cBNPHU
110 2 _aCentro de Planificación y Acción Ecumenica
_954119
245 1 0 _aQue es el habeas corpus.
260 _aSanto Domingo :
_bCepae,
_c1991.
300 _a20 p. ;
_c22 cm.
049 _aBNPD
999 _c31170
_d31170